[Event "FRA-chT2 West 0809"]
[Site "France"]
[Date "2009.03.14"]
[Round "8.6"]
[White "Gaillot, Guillaume"]
[Black "Ricbour, Jeremy"]
[Result "0-1"]
[WhiteElo "1880"]
[BlackElo "2183"]
[PlyCount "62"]
[EventDate "2008.10.19"]
[EventType "team-tourn"]
[EventRounds "11"]
[EventCountry "FRA"]
[SourceTitle "EXT 2010"]
[Source "ChessBase"]
[SourceDate "2010.11.25"]
[SourceVersion "1"]
[SourceVersionDate "2010.11.25"]
[SourceQuality "1"]
[WhiteTeam "Nantes II"]
[BlackTeam "Issy les Moulineaux"]
[WhiteTeamCountry "FRA"]
[BlackTeamCountry "FRA"]

1. e4 c5 2. Nf3 d6 3. c3 Nf6 4. Be2 Bd7 5. d3 Nc6 6. 0-0 g6 7. Nbd2 Bg7 8. Re1 0-0 9. Bf1 Qc7 10. Nc4 d5 11. Ne3 e6 12. exd5 exd5 13. d4 c4 14. Ne5 Rfe8 15. Nxd7 Qxd7 16. Be2 b5 17. b4 a5 18. bxa5 Rxa5 19. Bf3 Rea8 20. a3 Bf8 21. Bg4 Qd8 22. Nc2 Ne4 23. Qf3 b4 24. Rxe4 dxe4 25. Qxe4 b3 26. a4 Rxa4 27. Rxa4 Rxa4 28. Qxc6 Ra2 29. Qxc4 Rxc2 30. Qxb3 Rxc1+ 31. Bd1 Qg5 0-1

[Event "FRA-chT3 Gr5 "]
[Site "Bretagne"]
[Date "2006.??.??"]
[Round "5.8"]
[White "Gaillot, Guillaume"]
[Black "Michel, Fabien"]
[Result "1-0"]
[WhiteElo "1800"]
[BlackElo "1936"]
[PlyCount "55"]
[EventDate "2006.??.??"]
[EventType "team"]
[EventRounds "9"]
[EventCountry "FRA"]
[SourceTitle "EXT 2007"]
[Source "ChessBase"]
[SourceDate "2006.11.23"]
[SourceVersion "1"]
[SourceVersionDate "2006.11.23"]
[SourceQuality "1"]

1. e4 c5 2. Nf3 Nc6 3. d4 cxd4 4. Nxd4 g6 5. Nxc6 bxc6 6. Qd4 Nf6 7. e5 Qa5+ 8. Nc3 Nd5 9. e6 f6 10. exd7+ Bxd7 11. Bd2 Nb4 12. Bd3 Rd8 13. Ne4 Nxd3+ 14. Qxd3 Qb6 15. Qe2 Kf7 16. Bc3 Be6 17. Ng5+ fxg5 18. Bxh8 Bd5 19. 0-0 Qb4 20. Bc3 Qf4 21. Qe5 Qg4 22. Qg3 Qf5 23. Rfe1 e6 24. Re5 Qxc2 25. Qxg5 Bc5 26. Rf1 Rf8 27. Rxd5 exd5 28. Qf6+ 1-0